Offizielle Sprachen - Statistiken

Allgemein
  • Dieses Quiz wurde 449 mal gespielt
  • Das Durchschnittsergebnis liegt bei 23 aus 35
Antwortstatistiken
Hint Antwort % Korrekt
Deutsch Deutschland
99%
Deutsch Österreich
98%
Schwedisch Schweden
98%
Türkisch Türkei
98%
Deutsch Schweiz
97%
Hindi Indien
96%
Serbisch Serbien
96%
Koreanisch Nordkorea
94%
Koreanisch Südkorea
94%
Deutsch Luxemburg
91%
Deutsch Liechtenstein
90%
Deutsch Belgien
88%
Schwedisch Finnland
88%
Katalanisch Spanien
87%
Serbisch Bosnien und Herzegowina
85%
Malaiisch Malaysia
83%
Serbisch Kosovo
79%
Serbisch Montenegro
75%
Malaiisch Indonesien
74%
Katalanisch Andorra
68%
Türkisch Zypern
64%
Malaiisch Singapur
63%
Setswana Botswana
55%
Setswana Südafrica
51%
Malaiisch Brunei
50%
Setswana Simbabwe
43%
Tigrinya Äthiopien
26%
Tigrinya Eritrea
25%
Aymara Bolivien
24%
Aymara Peru
24%
Manding Mali
22%
Manding Burkina Faso
15%
Manding Senegal
14%
Manding Guinea
13%
Hindi Fidschi
11%
Keine übereinstimmenden Quizze gefunden
Verteilung der Resultate
Anzahl Personen mit jedem Resultat
Perzentil nach korrekt beantworteten Fragen
Ihre Resultats-Entwicklung
Sie haben dieses Quiz noch nicht gespielt